000 00912cam a22002771 4500
001 27935
003 BD-RjUL
005 20211209051223.0
008 140329s1947 nyu 001 0 eng
035 _a(BD-RjUL)
040 _aDLC
_cDLC
_dDLC
_beng
041 _aeng
082 0 0 _a973
_bHAS 1947
100 1 _aHacker, Louis M.
_q(Louis Morton),
_d1899-1987.
_98760
245 1 4 _aThe shaping of the American tradition /
_ctext by Louis M. Hacker; documents edited by Louis M. Hacker and Helène S. Zahler.
260 _aNew York :
_bColumbia university press,
_c1947.
300 _axxiv, 1247 p. ;
_c26 cm.
504 _aIncludes index
651 0 _aUnited States
_xHistory.
_985682
651 0 _aUnited States
_xHistory
_xSources.
_985683
651 0 _aUnited States
_xCivilization.
_985684
700 1 _aZahler, Helene Sara,
_d1911-
_985685
942 _2ddc
_cBK
999 _c27935
_d27935